Normal view
MARC view
- Pakvasa, S.
Entry Personal Name
001 - CONTROL NUMBER
- control field: 10326
003 - CONTROL NUMBER IDENTIFIER
- control field: NUST
005 - DATE AND TIME OF LATEST TRANSACTION
- control field: 20180521044511.0
008 - FIXED-LENGTH DATA ELEMENTS
- fixed length control field: 180521|| aca||aabn | a|a d
040 ## - CATALOGING SOURCE
- Original cataloging agency: NUST
- Transcribing agency: NUST
100 ## - HEADING--PERSONAL NAME
- Personal name: Pakvasa, S.
670 ## - SOURCE DATA FOUND
- Source citation: Work cat.: (NUST)0: International Conference on B Physics and CP Violation (2nd : 1997 : Honolulu, Hawaii) 10320, Proceedings of the 2nd International Conference on B Physics and CP Violation :, c1998.
